000 00414nam a2200157Ia 4500
008 230711s9999||||xx |||||||||||||| ||und||
041 _aENG
082 _a677
_bLO-Y
100 _aLord,P.R
245 0 _aHandbook of yarn production: technology, science and economics
250 _a1st . Ed.
260 _c2003
_aCambridge
_bWoodhead Publishing Ltd
300 _a493
650 _aTextile Engineering
942 _cBK
999 _c4724
_d4724